| 000 | 00428 a2200169 4500 | ||
|---|---|---|---|
| 003 | NUST | ||
| 005 | 20221206125051.0 | ||
| 040 | _cNust | ||
| 082 | _a153.93,EYS | ||
| 100 |
_a Eysenck, H.J. _9104240 |
||
| 245 |
_aKnow your Own I.Q. / _cH.J. Eysenck |
||
| 260 |
_aAmerica _bH.J. Eysenck _c1962 |
||
| 300 | _a190 p .: | ||
| 505 | _aContents not available | ||
| 538 | _aAlmirah No.47 Shelf No.4 | ||
| 942 |
_2ddc _cBK _k153.93,EYS |
||
| 999 |
_c193741 _d193741 |
||